000 00634nam a2200217Ia 4500
005 20220720141059.0
008 131103s9999 xx 000 0 und d
020 _a14042122X
040 _aLoreto College
041 _aEnglish
082 _a821.09
_bLUC
245 _aBritish poetry since 1945
_cedited with an introduction by Edward Lucie-Smith
260 _aHarmondsworth
_bPenguin Books
_c1970
300 _a412 p.
504 _aIncludes appendix and index of first lines
650 _aEnglish Literature
651 _aBritish Poetry - Collections
700 _aLucie-Smith,Edward
_4ed.
850 _aLCLIB
942 _cBK
999 _c13325
_d63804